| 000 | 00375nam a22001457a 4500 | ||
|---|---|---|---|
| 040 | _cNUST | ||
| 082 |
_a530.12 _bBRA |
||
| 100 |
_aJoachain,C. J _9123310 |
||
| 110 |
_aBransden , B.H _9123311 |
||
| 245 | _aQuantum Mechanics | ||
| 250 | _aSecond Edition | ||
| 260 |
_aPakistan: _bNational Book Foundation, _c2007 . |
||
| 650 |
_aQuantum Mechanics, _91526 |
||
| 942 |
_2ddc _cBK |
||
| 999 |
_c609539 _d609539 |
||